000 00574nam a2200193Ia 4500
003 GCL
008 140319s9999 xx 000 0 ara d
040 _aGCL /
_cGCL
082 0 4 _a853
_bا ح
100 1 _aحسن محمود
245 1 0 _aحياة الجندية /
_cحسن محمود
700 1 _aطه فوزى
700 1 _aامييتشس، ادموند دى
300 _a563 ص
490 _aالهيئة العامة للاستعلامات
_v0
650 0 4 _aالادب الايطالى
650 0 4 _aالادب الايطالى المترجم
942 _2ddc
_cBK
999 _c47102
_d47102